000 00918nmm a2200313 a 4500
003 AR-BaBNM
005 20251128210343.0
008 240020s1993 ||||||||||||||000 | spa||
020 _a84-294-3817-3
040 _cAR-BaBNM
245 1 0 _aEnciclopedia de la educación infantil
_brecursos para el desarrollo del curriculum
260 _aMadrid
_bSantillana
_c1993
300 0 _a1599 p.
_bil., tablas
504 _aContiene bibliografía p. 1595-1599
650 4 _aCURRICULO
650 4 _aDIDACTICA
650 4 _aMETODOS DE ENSENANZA
650 4 _aACTIVIDADES DE APRENDIZAJE
650 4 _aTECNICAS DIDACTICAS
650 4 _aJUEGOS EDUCATIVOS
651 4 _aEspaña
653 _aEDUCACION INICIAL
653 _aEXPECTATIVAS DE LOGRO
653 _aCONTENIDOS CURRICULARES
700 1 _aSánchez Cerezo, Sergio
_edirector
700 1 _aGil Fernández, Pilar
_eeditor
942 _cBK
998 _cRaquel
999 _c15099
_d15099